| 000 | 00574nam a2200193 i 4500 | ||
|---|---|---|---|
| 001 | 71674 | ||
| 003 | ES-MaACL | ||
| 005 | 20250828061920.0 | ||
| 007 | t| | ||
| 008 | 040817s1964 sp ||||1| spa d | ||
| 100 | 1 |
_aGerin, Elisabeth. _956449 |
|
| 245 | 1 | 0 |
_aPara una educación sexual / _cElisabeth Gerin ; [traducción de Roser Berdaguer]. |
| 260 |
_aBarcelona : _bAymá, _c1964. |
||
| 300 |
_a170 p. ; _c17 cm. |
||
| 650 | 7 |
_aEducación sexual _2embne _912121 |
|
| 700 | 1 |
_aBerdaguer, Roser. _927860 |
|
| 852 |
_aES-MaACL _jC-27035 _bR.56002 |
||
| 999 |
_c71674 _d71674 |
||